Disappearing Countries - Statistics

General Stats
  • This quiz has been taken 166 times
    164 since last reset
  • The average score is 9 of 14
Answers on the Map
Answers color-coded by a green-red scale on the quiz's map according to % correct below.
 
Answer Stats
Answer % Correct
Panama
95%
Uruguay
91%
Ireland
83%
South Korea
82%
Malaysia
75%
Iceland
73%
Taiwan
73%
Maldives
54%
Comoros
51%
Equatorial Guinea
50%
Jamaica
50%
Lesotho
43%
Nauru
40%
El Salvador
31%
No matching quizzes found
Score Distribution
Percent of People with Each Score
Percentile by Number Answered
Your Score History
You have not taken this quiz since the last reset